00470nam a2200193Ia 4500003000400000005001700004008004100021020001400062040000700076041000800083082001500091100001800106245004400124260004500168300001700213365001300230650001400243650001900257OSt20230327104556.0210423s2007 xx 000 0 und d a195686462 cAL aeng a338.5 SENA aSEN (Anindya) aMicroeconomics: theory and applications aNew DelhibOxford University Pressc2007 aviii,290bPB b245cINR aEconomics aMicroeconomics